| 000 | 00661nam a2200205Ia 4500 | ||
|---|---|---|---|
| 020 | _a9251054177 | ||
| 040 | _cOSU | ||
| 082 | _a664 FOO 2005 A105 Or. | ||
| 100 | 1 | _aFazil, Aamir M | |
| 245 | 1 | 2 |
_aA primer on risk assessment modelling : _bfocus on seafood products / |
| 260 |
_aRome : _bFood and Agriculture Organization of the United Nations, _cc2005 |
||
| 300 |
_avii, 56 p. : _bill. (some col.) ; _c30 cm |
||
| 490 | 1 | _aFAO fisheries technical paper, | |
| 650 | 0 | _aRisk assessment | |
| 650 | 0 | _aSeafood industry | |
| 650 | 0 | _aSeafood poisoning | |
| 650 | 0 | _aSeafood | |
| 710 | 2 | _aFood and Agriculture Organization of the United Nations | |
| 942 | _cEK | ||
| 999 |
_c16191 _d16191 |
||